Представление документа в формате RUSMARC

ПолеНазваниеЗначение
  Тип записи a
  Библиографический уровень a
001 Контрольный номер RU/CBS_UL/BASE/f453774b64164be6a654248e47391886
005 Дата корректировки 20250222163235.9
100 Данные общей обработки __
a Данные общей обработки 20250222 ||| 0rusy0189 ca
101 Язык документа 0_
a Язык текста rus
102 Страна публикации __
a Страна публикации RU
200 Заглавие и сведения об ответственности 1_
a Заглавие Среди воды и зелени
e Сведения, относящиеся к заглавию [как устроить пруд на дачном участке]
f Первые сведения об ответственности Л. Кузнецова
300 Общие примечания __
a Общие примечания 12+
461 Уровень набора _0
1 2000
a Дачный клуб
463 Уровень физической единицы _0
1 2000
a № 12
v С. 47-50 : фото
1 2101
d 2024
1 001RU/CBS_UL/BASE/fe9d964ed24848b0a1b13751c51e0377
606 Тематические рубрики 0_
a Основная рубрика Приусадебные участки - Пруды
610 Ключевые слова 0_
a Ключевые слова дачные пруды
610 Ключевые слова 0_
a Ключевые слова пруды дачные
610 Ключевые слова 0_
a Ключевые слова пруды на приусадебных участках
610 Ключевые слова 0_
a Ключевые слова дачные водоёмы
610 Ключевые слова 0_
a Ключевые слова водоёмы дачные
610 Ключевые слова 0_
a Ключевые слова водоёмы на приусадебных участках
686 Индексы других классификаций __
2 Код системы rubbk
a Классификационный индекс 42.37
700 Автор _1
a Фамилия Кузнецова
b Имя (инициалы) Л.
801 Источник записи _0
a Страна RU
b Организация МБУК ЦБС г. Ульяновска
c Дата составления 20250222
g Правила каталогизации RCR
801 Источник записи _1
a Страна RU
b Организация МБУК ЦБС г. Ульяновска
c Дата составления 20250222
g Правила каталогизации RCR
901 Тип документа __
t Тип документа b
w Контрольный № источника RU/CBS_UL/BASE/fe9d964ed24848b0a1b13751c51e0377
909 Создатель записи __
a Создатель записи lib2